000 00487nam a2200181Ia 4500
005 20250923150220.0
008 008 250917s9999 xx 000 0 eng d
037 _aTextual
040 _aDSWL
_beng
_cDSWL
041 _aeng
_2eng
084 _qDSWL
100 _aMullender, A
_9843479
245 0 _aChildren's Perspectives on Domestic Violence
_cby A Mullender
260 _aNew Delhi
_b Sage Pub
_c2006
300 _a258 p.
942 _cTEXL
999 _c1460887
_d1460887